000 00781nam a22002057a 4500
999 _c12563
_d12563
003 AR-CdUCM
008 190409b ||||| |||| 00| 0 spa d
040 _aMUNICIPALIDAD PROVINCIAL DEL CUSCO
_cBIBLIOTECA MUNICIPAL DEL CUSCO
082 _a331.985 /
_bL54 / 1967
100 _aLevano, Cesar
_95418
245 _aLa verdadera historia de la jornada de las ochos horas en el Perú /
260 _aLima :
_c1967.
300 _a48 páginas ;
_bFotografías, ilustraciones,
_c16 cm.
505 _aContenido: Una clase nueva entra en escena -- La jornada de 12 horas -- El apoliticismo -- Prensa y organización...
650 _aJornada laboral
_930447
650 _aVerdadera historia
_930448
650 _aOrganizaciones
_95967
942 _2ddc
_cLIBROS
945 _adavv
_d09/04/2019